000 003890000a22001690004500
003 LK-CoMWRAF
008 230817t ||||| |||| 00| 0 eng d
040 _aLK-CoMWRAF
_dLK-CoMWRAF
_eLK-CoMWRAF
041 _aeng
082 _a460
_bMAN
245 _aManitha Urimaikal
_b
250 _a2nd.ed
260 _aColombo
_bSKUS
_c1998
300 _ap.96
650 _ahuman rights
942 _cBK
999 _c2957
_d2957